Statistics for Indian State Language Family Click Quiz

Click here to take the quiz!

General Stats

  • This quiz has been taken 9 times
  • The average score is 13 of 30

Answer Stats

HintAnswer% Correct
JharkhandIndo-European
67%
AssamIndo-European
67%
Tamil NaduDravidian
56%
KarnatakaDravidian
56%
KeralaDravidian
56%
OdishaIndo-European
56%
BiharIndo-European
56%
GoaIndo-European
56%
Uttar PradeshIndo-European
56%
TripuraIndo-European
56%
RajasthanIndo-European
56%
Madhya PradeshIndo-European
56%
TelanganaDravidian
44%
West BengalIndo-European
44%
UttarakhandIndo-European
44%
PunjabIndo-European
44%
MaharashtraIndo-European
44%
Himachal PradeshIndo-European
44%
HaryanaIndo-European
44%
GujaratIndo-European
44%
ChhattisgarhIndo-European
44%
MeghalayaAustroasiatic
33%
Jammu and KashmirIndo-European
33%
Andhra PradeshDravidian
22%
SikkimIndo-European
22%
NagalandSino-Tibetan
22%
Arunachal PradeshSino-Tibetan
22%
LadakhSino-Tibetan
22%
MizoramSino-Tibetan
11%
ManipurSino-Tibetan
11%

Score Distribution

Percentile by Number Answered

Percent of People with Each Score

Your Score History

You have not taken this quiz